000 00667nam a2200241Ia 4500
003 OSt
005 20220918222234.0
006 a|||||r|||| 00| 0
007 ta
008 220917b |||||||| |||| 00| 0 eng d
024 _a216,167
037 _cTextual
040 _aARTS
_cARTS
_beng
041 _2eng
_aeng
082 _aS:73, P0
100 _aFisher Simon ....[et...al]
_9142571
245 0 _aWorking with conflict
_b Skill and strategies for action
260 _aLondon
_bZed Books ltd.
_c2000
300 _axvi, 185p
_ccm.
650 _aPSYCHOLOGY
942 _hS:73, P0
_cTEXL
_2CC
999 _c274915
_d274915